| 000 | 01225nam a2200301 c 4500 | ||
|---|---|---|---|
| 003 | BLK | ||
| 005 | 20180420233110.0 | ||
| 008 | 180409b bul|||||r ||||||| ||bul|| | ||
| 010 | _aKNG00145989000 | ||
| 040 | _aBLK | ||
| 041 |
_aBUL _cBUL |
||
| 080 |
_aБългарска литература _b821.163.2 _x-93-193.1 _z821.163.2-93-193.1 |
||
| 100 | 1 |
_aЕфремов, Борис _eпърви автор _9263614 |
|
| 700 | 1 |
_aСтоянова, Албена _eхудож. _9326911 |
|
| 139 |
_aЕфремов, Борис _bЕ 97 |
||
| 245 | 1 | 0 |
_aДядово котленце _bГатанки : За предучилищна мъзраст _cБорис Ефремов; худож. Албена Стоянова. |
| 257 | _aBGR | ||
| 260 |
_аСофия _bБълг. художник _c1989 _fРусе : печ. Дунав |
||
| 300 |
_a24 с. _bс цв. ил. _c22Х24 см |
||
| 380 | _aDX | ||
| 490 | 1 | _aБиблиотека Славейче | |
| 500 | _a120 120 тир. | ||
| 852 | _aЦб 261006 | ||
| 856 | 4 |
_qpdf _u |
|
| 856 | 4 |
_qpdf _u |
|
| 942 |
_cKNG _n0 |
||
| 944 |
_aCR _c16.07.2013 _l16.07.2013 - от С1,Р / 16.07.2013 _kАйшегюл_Сабриева |
||
| 944 |
_aED _c15.09.2017 _l16.07.2013 - от С1,Р / 16.07.2013 _kЕлица_Владова |
||
| 999 |
_c139934 _d139934 |
||